Dolores Ibárruri / (Record no. 25214)

MARC details
000 -LEADER
campo de control de longitud fija 00638nam a2200193 i 4500
001 - NÚMERO DE CONTROL
campo de control 25214
003 - IDENTIFICADOR DE NÚMERO DE CONTROL
campo de control ES-MaACL
005 - FECHA Y HORA DE LA ÚLTIMA TRANSACCIÓN
campo de control 20250502063012.0
007 - CAMPO FIJO DE DESCRIPCIÓN FÍSICA--INFORMACIÓN GENERAL
campo de control de longitud fija t|
008 - DATOS DE LONGITUD FIJA--INFORMACIÓN GENERAL
campo de control de longitud fija 021223s1977 sp ||||1| spa d
100 1# - ENTRADA PRINCIPAL--NOMBRE DE PERSONA
Nombre de persona Ibárruri, Dolores,
Fechas asociadas al nombre 1895-1989
9 (RLIN) 240176
245 10 - MENCIÓN DEL TÍTULO
Título Dolores Ibárruri /
Mención de responsabilidad, etc. Dolores Ibárruri ; [reportajes y entrevistas por] Luis Haranburu, Peru Erroteta.
260 ## - PUBLICACIÓN, DISTRIBUCIÓN, ETC.
Lugar de publicación, distribución, etc. [San Sebastián] :
Nombre del editor, distribuidor, etc. L. Haranburu,
Fecha de publicación, distribución, etc. [1977]
300 ## - DESCRIPCIÓN FÍSICA
Extensión 103 p., 8 lám. ;
Dimensiones 21 cm.
700 1# - ENTRADA AGREGADA--NOMBRE PERSONAL
Nombre de persona Haranburu-Altuna, Luis.
9 (RLIN) 61796
700 1# - ENTRADA AGREGADA--NOMBRE PERSONAL
Nombre de persona Erroteta, Peru.
9 (RLIN) 47436
852 ## - LOCALIZACIÓN
Ubicación ES-MaACL
Número de control de estantería A-7154
Sublocalización o colección R.95932
Holdings
Estatus retirado Estado de pérdida Estado de daño No para préstamo Biblioteca de origen Biblioteca actual Ubicación en estantería Fecha de adquisición Fuente de adquisición Total de préstamos Signatura topográfica completa Código de barras Visto por última vez Precio de reemplazo Tipo de ítem Koha
        Biblioteca del Ateneo de Madrid Biblioteca del Ateneo de Madrid Sala Pecera Planta 1 17/01/2008     A-7154 1025995 23/02/2023 23/02/2023 Libro impreso